000 01218nam a2200337 i 4500
003 EG-GICUC
005 20260121101554.0
008 251230s2006 ua ||||fr|||| 000 0 ara d
017 _a2006/5382
020 _a977-40-4947-4
040 _a EG-GICUC
_bara
_c EG-GICUC
_d EG-GICUC
_erda
041 _aara
082 0 4 _221
_a345.69313
_bح م . ا
092 0 4 _221
099 _aLaw1 07 345.69313 ح م . ا 2006
100 0 _aحمدي علي عمر
_eمؤلف.
245 1 2 _aالاتجاهات الحديثة للقضاء في الرقابة على أعمال السيادة :
_bدراسة مقارنة /
_cدكتور حمدي علي عمر
264 1 _aالقاهرة :
_bدار النهضة العربية,
_c2006.
300 _a211 صفحة ؛
_c24 سم
336 _2rda content
_atext
337 _2rda media
_aComputer
338 _2rda carrier
_aOnline Resource
504 _a. 208-203 ببليوجرافيا: صفحات.
546 _aالنص باللغة العربية
650 1 4 _aأعمال السيادة
_2qrmak
650 1 4 _aالقانون الإداري
651 1 _2qrmak
856 4 0 _uhttps://fll.law.cu.edu.eg/fulltext/bks/B07-02156.pdf
905 _a79
942 _2ddc
_cBK
_e21
_n0
999 _c53386
_d53386